Statistics for French List 1 Adjectives and family

Click here to take the quiz!

General Stats

  • This quiz has been taken 16 times
  • The average score is 16 of 50

Answer Stats

HintAnswer% Correct
attractivebeau
54%
proudfier
54%
smallpetit
54%
goodbon
46%
shortcourt
46%
happyheureux
46%
longlong
46%
newnouveau
46%
oldvieux
46%
curlybouclé
38%
une filledaughter
38%
biggrand
38%
grand-fathergrand-père
38%
fatgros
38%
youngjeune
38%
eyesles yeux
38%
mariémarried
38%
badmauvais
38%
uncleoncle
38%
straightraide
38%
red-hairedroux
38%
sonfils
31%
brotherfrére
31%
grandmomgrandmere
31%
prettyjoli
31%
thinmaigre
31%
neveunephew
31%
new femininenouvelle
31%
new plural femininenouvelles
31%
sistersœur
31%
aunttante
31%
old femininevielle
31%
old plural femininevielles
31%
attractive plural masculinebeaux
23%
average heightde taille moyenne
23%
wifeepouse
23%
strongfort
23%
uglylaid
23%
voisonneighbor
23%
new plural masculinenouveaux
23%
new in front of a vowelnouvel
23%
grand-daughterpetite-fille
23%
old in front of a vowelvieil
23%
old plural masculinevieux
23%
attractive in front of a vowelbel
15%
attractive femininebelle
15%
step-sisterdemi-sœur
15%
husbandépoux
15%
hairles cheveux
15%
attractive plural femininebelles
8%

Score Distribution

Percentile by Number Answered

Percent of People with Each Score

Your Score History

You have not taken this quiz